| 000 | 00455 a2200157 4500 | ||
|---|---|---|---|
| 999 |
_c321332 _d321332 |
||
| 001 | 86259 | ||
| 003 | NUST | ||
| 005 | 20180122102917.0 | ||
| 008 | 180122b xxu||||| |||| 00| 0 eng d | ||
| 020 | _a9780199066070 | ||
| 082 | _a954.9104 IKR | ||
| 100 |
_aIkram Sehgal _99452 |
||
| 245 |
_aEscape From Oblivion : The Story of a Pakistani Prisoner of War in India _cIkram Sehgal _hEnglish |
||
| 250 | _a1st | ||
| 260 |
_aKarachi _bOxford university Press _c2012 |
||
| 300 | _axiii 138p. | ||
| 500 | _aGeneral Collection | ||
| 942 |
_aCAE NUST _cBK _k954.9104 IKR _2ddc |
||